|
|
|
|
| LEADER |
00937nam a22002537a 4500 |
| 001 |
27879 |
| 003 |
BD-DhAAL |
| 005 |
20140224160516.0 |
| 008 |
140224s2012 ko a|||| b||| 00| 0 eng d |
| 020 |
|
|
|a 9788994957234
|
| 040 |
|
|
|a BD-DhAAL
|c BD-DhAAL
|
| 082 |
|
|
|2 22
|a 306.2095
|
| 245 |
|
|
|a Better service delivery through open government and innovative policies /
|
| 260 |
|
|
|a Seoul, Korea :
|b OECD Korea Policy Centre,
|c 2012.
|
| 300 |
|
|
|a vi, 197 p. :
|b ill. ;
|c 23 cm.
|
| 504 |
|
|
|a Includes bibliographical references.
|
| 541 |
|
|
|e 27879
|
| 650 |
|
|
|a Public administration
|z Asia.
|9 3733
|
| 650 |
|
|
|a Transparency in government
|z Asia
|9 3884
|
| 710 |
|
|
|a OECD/Korea Policy Centre.
|9 3885
|
| 852 |
|
|
|a Ayesha Abed Library
|c General Stacks
|
| 942 |
|
|
|2 ddc
|c BK
|
| 999 |
|
|
|c 14181
|d 14181
|
| 952 |
|
|
|0 0
|1 0
|2 ddc
|4 0
|6 306_209500000000000_BET
|7 0
|9 23922
|a BRACUL
|b BRACUL
|c GEN
|d 2014-02-24
|l 0
|o 306.2095 BET
|p 3010027879
|r 2014-02-24
|t 1
|w 2014-02-24
|y BK
|